Monoidal intervals on three- and four-element sets
The aim of this paper is to give an overview about monoidal intervals on three- and four-element sets. Furthermore, two uncountable monoidal intervals on three-element sets are presented in the paper, and we describe some infinite families of collapsing monoids.
Elmentve itt :
| Szerzők: | |
|---|---|
| Dokumentumtípus: | Cikk |
| Megjelent: |
Bolyai Institute, University of Szeged
Szeged
2015
|
| Sorozat: | Acta scientiarum mathematicarum
81 No. 3-4 |
| Kulcsszavak: | Algebra, Matematika |
| Tárgyszavak: | |
| mtmt: | http://dx.doi.org/10.14232/actasm-014-028-3 |
| Online Access: | http://acta.bibl.u-szeged.hu/36442 |
| LEADER | 01195nab a2200265 i 4500 | ||
|---|---|---|---|
| 001 | acta36442 | ||
| 005 | 20260224130116.0 | ||
| 008 | 161017s2015 hu o 000 eng d | ||
| 022 | |a 0001-6969 | ||
| 024 | 7 | |a http://dx.doi.org/10.14232/actasm-014-028-3 |2 doi | |
| 040 | |a SZTE Egyetemi Kiadványok Repozitórium |b hun | ||
| 041 | |a eng | ||
| 100 | 1 | |a Dormán Miklós | |
| 245 | 1 | 0 | |a Monoidal intervals on three- and four-element sets |h [elektronikus dokumentum] / |c Dormán Miklós |
| 260 | |a Bolyai Institute, University of Szeged |b Szeged |c 2015 | ||
| 300 | |a 399-424 | ||
| 490 | 0 | |a Acta scientiarum mathematicarum |v 81 No. 3-4 | |
| 520 | 3 | |a The aim of this paper is to give an overview about monoidal intervals on three- and four-element sets. Furthermore, two uncountable monoidal intervals on three-element sets are presented in the paper, and we describe some infinite families of collapsing monoids. | |
| 650 | 4 | |a Természettudományok | |
| 650 | 4 | |a Matematika | |
| 695 | |a Algebra, Matematika | ||
| 700 | 0 | 1 | |a Makay Géza |e aut |
| 700 | 0 | 1 | |a Maróti Miklós |e aut |
| 700 | 0 | 1 | |a Vajda Róbert |e aut |
| 856 | 4 | 0 | |u http://acta.bibl.u-szeged.hu/36442/1/math_081_numb_003_004_399-424.pdf |z Dokumentum-elérés |